Vida y hechos del ingenioso hidalgo D. Quixote de la Mancha (Record no. 3187)
[ view plain ]
| 000 -CABECERA | |
|---|---|
| campo de control de longitud fija | 01950nam a2200265 a 4500 |
| 001 - NÚMERO DE CONTROL | |
| campo de control | BRCA_3451 |
| 005 - FECHA Y HORA DE LA ÚLTIMA TRANSACCIÓN | |
| campo de control | 20190320204305.0 |
| 041 ## - CÓDIGO DE LENGUA | |
| Código de lengua del texto/banda sonora o título independiente | sp |
| 044 ## - CÓDIGO DEL PAÍS DE LA ENTIDAD EDITORA/PRODUCTORA | |
| Código MARC del país | spa |
| 084 ## - OTRO NÚMERO DE CLASIFICACIÓN | |
| Número de clasificación | 740 |
| Número de documento/Ítem | .F47 |
| -- | 1805 |
| 100 1# - ENTRADA PRINCIPAL--NOMBRE DE PERSONA | |
| Nombre de persona | Fernández de Avellaneda, Alonso |
| 9 (RLIN) | 9025 |
| 245 10 - MENCIÓN DE TÍTULO | |
| Título | Vida y hechos del ingenioso hidalgo D. Quixote de la Mancha |
| Resto del título | contiene su quarta salida y la quinta parte de sus aventuras |
| Mención de responsabilidad, etc. | Alonso Fernández de Avellaneda. |
| 260 ## - PUBLICACIÓN, DISTRIBUCIÓN, ETC. | |
| Lugar de publicación, distribución, etc. | Madrid |
| Nombre del editor, distribuidor, etc. | Villalpando |
| Fecha de publicación, distribución, etc. | 1805 |
| 300 ## - DESCRIPCIÓN FÍSICA | |
| Extensión | 2 v. |
| Dimensiones | 15 cm. |
| 500 ## - NOTA GENERAL | |
| Nota general | Contenido : v.1. Dedicatoria al Alcalde, regidores e hidalgos de la noble villa del Argamecitla de la mancha, patria feliz del hidalgo caballero Don Quixote, ilustre de los profesores de la caballería andantesca. Prólogo del autor. Soneto de Pedro Fernández. Nota del editor. Aprobación de Don Agustín de Mantiano y Luyando Juicio de esta obra. Texto. -- v.2. Texto |
| 500 ## - NOTA GENERAL | |
| Nota general | La supuesta continuación de la novela, pero de facto una reelaboración ludíbrica de la primera parte de la obra cervantina, pues en ella hay muchos episodios que son mera parodia del original, como por ejemplo: las escenas de la venta y las del castillo ducal y otras, enfocadas desde el punto de vista de la ideología contrarreformista. Así, lo primero que hace el falso autor, es hacer entrar a Don Quijote en una iglesia y asistir a misa, colgarle el rosario, y darle de leer las obras devotas (Flos Sanctorum de Villegas y Guía de pecadores de fray Luis de Granada). Su lenguaje, a pesar de tener ciertas cualidades, es grosero y bajo. Piel; lomeras decoradas con dorados Lúdovik Osterc |
| 500 ## - NOTA GENERAL | |
| Nota general | QMB109 |
| 650 14 - PUNTO DE ACCESO ADICIONAL DE MATERIA--TÉRMINO DE MATERIA | |
| Término de materia o nombre geográfico como elemento de entrada | Novela española |
| Subdivisión cronológica | Época clásica, 1500-1700 |
| 9 (RLIN) | 215 |
| 650 14 - PUNTO DE ACCESO ADICIONAL DE MATERIA--TÉRMINO DE MATERIA | |
| Término de materia o nombre geográfico como elemento de entrada | Literatura española |
| Subdivisión cronológica | Época clásica, 1500-1700 |
| 9 (RLIN) | 216 |
| 650 14 - PUNTO DE ACCESO ADICIONAL DE MATERIA--TÉRMINO DE MATERIA | |
| Término de materia o nombre geográfico como elemento de entrada | Novela española |
| Subdivisión cronológica | Siglo XVII |
| 9 (RLIN) | 217 |
| 650 14 - PUNTO DE ACCESO ADICIONAL DE MATERIA--TÉRMINO DE MATERIA | |
| Término de materia o nombre geográfico como elemento de entrada | Don Quijote (Personaje ficticio) |
| Término indicativo de función/relación | Novela |
| 9 (RLIN) | 218 |
| 740 0# - PUNTO DE ACCESO ADICIONAL--TÍTULO RELACIONADO O ANALÍTICO NO CONTROLADO | |
| Título relacionado o analítico no controlado | El Ingenioso Hidalgo Don Quijote de la Mancha |
| 902 ## - CATALOGADOR | |
| Iniciales | QFM |
| 942 ## - ELEMENTOS DE PUNTO DE ACCESO ADICIONAL (KOHA) | |
| Fuente del sistema de clasificación o colocación | Library of Congress Classification |
| Tipo de ítem Koha | Libros |
| Estado de retiro | Estado de pérdida | Estado dañado | No para préstamo | Localización permanente | Ubicación/localización actual | Fecha de adquisición | Número de inventario | Total de préstamos | Signatura topográfica completa | Código de barras | Fecha visto por última vez | Precio válido a partir de | Tipo de ítem Koha |
|---|---|---|---|---|---|---|---|---|---|---|---|---|---|
| El ejemplar forma parte de la colección y puede ser consultado según las políticas vigentes. | Biblioteca del Museo Franz Mayer (Rogerio Casas-Alatriste) | Biblioteca del Museo Franz Mayer (Rogerio Casas-Alatriste) | 15/04/2009 | QMB109 | 740 .F47 1805 (QMB109) | 3448 | 22/03/2019 | 22/03/2019 | Libros |